Click to Locate the World Capitals on a Map - Statistics

General Stats
  • This quiz has been taken 125 times
  • The average score is 121 of 200
Answers on the Map
Answers color-coded by a green-red scale on the quiz's map according to % correct below.
 
Answer Stats
Answer % Correct
Bogotá
77%
Lisbon
77%
London
77%
Belgrade
76%
Cairo
76%
Djibouti
76%
Jerusalem
76%
Paris
76%
Prague
76%
Riga
76%
San Marino
76%
Tallinn
76%
Brussels
75%
Cape Town
75%
Chișinău
75%
Kyiv
75%
Madrid
75%
Minsk
75%
Panama City
75%
Reykjavík
75%
Rome
75%
Seoul
75%
Sri Jayawardenepura Kotte
75%
Tunis
75%
Vatican City
75%
Amsterdam
73%
Andorra la Vella
73%
Athens
73%
Beirut
73%
Berlin
73%
Bern
73%
Havana
73%
Helsinki
73%
Kathmandu
73%
Luxembourg
73%
Monaco
73%
Oslo
73%
Skopje
73%
Sofia
73%
Stockholm
73%
Tokyo
73%
Warsaw
73%
Wellington
73%
Abu Dhabi
72%
Ankara
72%
Bangkok
72%
Bratislava
72%
Budapest
72%
Dublin
72%
Guatemala City
72%
Kuwait City
72%
Tehran
72%
Vienna
72%
Vilnius
72%
Copenhagen
71%
Kabul
71%
Lima
71%
Ljubljana
71%
São Tomé
71%
Sarajevo
71%
Taipei
71%
Zagreb
71%
Algiers
69%
Baghdad
69%
Bissau
69%
Bucharest
69%
Mexico City
69%
Nairobi
69%
Nicosia
69%
Podgorica
69%
Pyongyang
69%
Riyadh
69%
San Salvador
69%
Santo Domingo
69%
Tirana
69%
Ulaanbaatar
69%
Valletta
69%
Washington D.C.
69%
Amman
68%
La Paz
68%
Montevideo
68%
Nassau
68%
Pristina
68%
Tbilisi
68%
Caracas
67%
Damascus
67%
Dhaka
67%
Jakarta
67%
Moscow
67%
Muscat
67%
Phnom Penh
67%
Baku
65%
Manila
65%
New Delhi
65%
Port-au-Prince
65%
Pretoria
65%
Quito
65%
Rabat
65%
Singapore
65%
Vaduz
65%
Antananarivo
64%
Doha
64%
Sana'a
64%
Buenos Aires
63%
Islamabad
63%
Malé
63%
Vientiane
63%
Accra
61%
Asunción
61%
Kingston
61%
Santiago
61%
Yerevan
61%
Canberra
60%
Dakar
60%
Kinshasa
60%
Addis Ababa
59%
Khartoum
59%
Tegucigalpa
59%
Beijing
57%
Freetown
57%
Hanoi
57%
Ottawa
57%
San José
57%
Sucre
57%
Tripoli
57%
Abuja
56%
Bloemfontein
56%
Brasília
56%
Naypyidaw
56%
Windhoek
56%
Brazzaville
55%
Georgetown
55%
Kuala Lumpur
55%
Luanda
53%
Manama
53%
Monrovia
53%
Ouagadougou
53%
Belmopan
52%
Bishkek
52%
Managua
52%
Port Moresby
52%
Kigali
51%
Tashkent
51%
Thimphu
51%
Bandar Seri Begawan
49%
Harare
49%
Juba
49%
Lusaka
49%
Port-of-Spain
49%
Asmara
48%
Astana
48%
Bridgetown
48%
Lomé
48%
Nouakchott
48%
Paramaribo
48%
Roseau
48%
Yamoussoukro
48%
Ashgabat
47%
Gaborone
47%
Mogadishu
47%
N'Djamena
47%
Niamey
47%
Praia
47%
Banjul
45%
Castries
45%
Dili
45%
Saint John's
45%
Victoria
45%
Yaoundé
45%
Bamako
44%
Dodoma
44%
Dushanbe
44%
Gitega
44%
Kampala
44%
Maseru
44%
Port Vila
44%
Basseterre
43%
Conakry
43%
Kingstown
43%
Port Louis
43%
Porto-Novo
43%
Saint George's
43%
Suva
43%
Apia
41%
Lilongwe
41%
Moroni
41%
Bangui
40%
Cotonou
40%
Yaren
40%
Libreville
39%
Mbabane
39%
Malabo
37%
Nukuʻalofa
37%
Honiara
35%
Maputo
35%
Ngerulmud
33%
Funafuti
32%
Majuro
31%
South Tarawa
23%
Palikir
21%
No matching quizzes found
Score Distribution
Percent of People with Each Score
Percentile by Number Answered
Your Score History
You have not taken this quiz